| 000 | 00730nam a2200205 i 4500 | ||
|---|---|---|---|
| 001 | 32621 | ||
| 003 | ES-MaACL | ||
| 007 | t| | ||
| 008 | 030131s1967 sp ||||1| spa d | ||
| 100 | 1 |
_aBernal, John Desmond. _928180 |
|
| 245 | 1 | 0 |
_aHistoria social de la ciencia / _cJohn Desmond Bernal ; [traducción de Juan Ramón Capella]. |
| 250 | _a1ª ed. | ||
| 260 |
_a[Barcelona] : _bPenínsula, _c[1967] |
||
| 300 |
_a2 v. : _bil. ; _c21 cm. |
||
| 505 | 8 | _aContiene: Vol. I: La ciencia en la historia, 540 p. -- Vol. II: La ciencia de nuestro tiempo, 518 p. | |
| 700 | 1 |
_aCapella, Juan-Ramón. _934819 |
|
| 740 | 3 | _aLa ciencia en la historia. | |
| 740 | 3 | _aLa ciencia de nuestro tiempo. | |
| 852 |
_aES-MaACL _jG-4525-6 _bR.65423 |
||
| 999 |
_c32621 _d32621 |
||